000 00460nam a2200181Ia 4500
001 24215
005 20260414151028.0
008 260414t2017||||xx |||||||||||||| ||spa||
041 _aESP
082 _a794.81
_bM522
100 _aMcCaffrey, Mitch
_eAUT
245 0 _aUnreal engine VR cookbook :
_bdeveloping virtual reality with UE4
260 _c2017
300 _a254 páginas :
_c23 cm.
650 _aABD
654 _aCAU
942 _cLIB
_dJUS
_fJUS
_2ddc
_n
999 _c24215
_d24215